000 01074nam a2200241Ia 4500
999 _c54930
_d54930
001 22001
003 GE_BSU
005 20220923123526.0
008 181216s ||||ge |||||||||||||| ||geo||
040 _cGE_BSU
041 _ageo
080 _a821.111(73)-31 უ-52
100 _aუორენი, რობერტ პენ
_914730
245 _aმეფის მთელი მხედრიონი :
_b [რომანი] /
_cრობერტ პენ უორენი ; თარგმნ. ინგლ. ვ. ტატიშვილისა ; წინასიტყვ. ავტ. ც. თოფურიძე.
250 _a1-ლი გამოცემა
264 _aთბილისი :
_bმერანი,
_c1978.
300 _a450 გვ. ;
_c20 სმ.
541 _h8ლ.
653 _aმეფის მთელი მხედრიონი
653 _aმხატვრული ლიტერატურა
700 _aტატიშვილი, ვ.
_eმთარგმნელი
_914731
942 _cBK
_2udc